000 01262nam a2200289 4500
001 0000023060
003 CO-CtgCURN
005 20250828213534.0
008 160627s2004 000 0 eng d
020 _a9586166503
040 _aCO-CtgCURN
_bspa
_ccoctgcurn
082 0 _a345.05044
_bA282d
100 1 _aAgudelo Betancur, Nodier.
245 1 3 _aLa defensa putativa en el nuevo Código penal :
_bel fenomeno como error de prohibicion indirecto o concreto! la culpa a pesar de la intecion, cuando el error es vencible /
_cNodier Agudelo Betancur.
250 _a2a ed.
260 _aBogotá :
_bUniversidad Externado de Colombia,
_c2004.
300 _a95 p.
336 _2rdacontent
337 _2rdamedia
_asin mediacion
_bn
338 _2rdacarrier
_avolumen
_bnc
504 _aBibliografia (p. 91-95)
505 8 _aLa defensa putativa como especie de error de prohibicion.--La problematica del error de tipo y de prohibicion en relacion con los esquemas del dellito.--La regulacion de la defensa putativa y la problematica del error vencible
650 0 _aDefensa putativa de personas
_zColombia.
908 _a160627
942 _cBK
_h345.05044
_iA282d
_2ddc
999 _c49909
_d49909
_x1